000 00763nam a2200241Ia 4500
003 OSt
005 20221005130442.0
006 a|||||r|||| 00| 0
007 ta
008 221004b |||||||| |||| 00| 0 eng d
024 _a68132
037 _cTextual
040 _aCRL
_cCRL
_beng
041 _2eng
_aeng
082 _aXM55t2:N56, K3
110 _aIndia Commerce And Industry (Ministry of ), Company Law Administration
_9638161
245 0 _aReport, (Department of ), Adinistration of Dalmia-Jain Companies Inquiry Commission.
260 _c1963
650 _aECONOMICS
700 _aIndia Commerce And Industry (Ministry of ), Company Law Administration
_9638162
942 _hXM55t2:N56, K3
_cTEXL
_2cc
999 _c1057296
_d1057296